[Event "Tournament 14472 - Europe Echecs"]
[Site "Europe Echecs"]
[Date "2020.07.10"]
[Round "9"]
[Time "18:21:07"]
[PlyCount "170"]
[White "GrallKaelan"]
[Black "WuClara"]
[WhiteElo "1577"]
[BlackElo "1403"]
[Mode "WEB"]
[Result "1-0"]

1. d4 Nf6 2. Bf4 e6 3. e3 Be7 4. Nf3 O-O 5. c4 b6 6. Nc3 d5 7. cxd5 exd5 8. Bb5
Bb7 9. O-O Nbd7 10. Qa4 a6 11. Bxd7 Nxd7 12. Ne5 Nxe5 13. Bxe5 Bd6 14. Bxd6 Qxd6
15. Qb3 Rfe8 16. Rac1 Re6 17. Ne2 Re7 18. Rc3 a5 19. Rfc1 Ba6 20. Nf4 Bc4 21.
Qc2 Rc8 22. b3 Bb5 23. Qf5 Rd8 24. a4 Ba6 25. Rc6 Qd7 26. Qxd7 Rexd7 27. Rxc7
Rxc7 28. Rxc7 h6 29. Rc6 Rb8 30. Nxd5 Be2 31. Rxb6 Rc8 32. h3 Rc1+ 33. Kh2 Bd1
34. Rb5 Rc2 35. Kg3 Rb2 36. Rxa5 Rxb3 37. Ra8+ Kh7 38. Ra7 Bh5 39. a5 Ra3 40. a6
Be2 41. Rxf7 Rxa6 42. Nf4 Bf1 43. d5 Rd6 44. Rc7 Kg8 45. Rc6 Rd7 46. d6 Bb5 47.
Rb6 Bf1 48. Ne6 Kf7 49. Nc5 Rd8 50. d7 Ke7 51. Rc6 Bb5 52. Rc8 Bxd7 53. Rxd8
Kxd8 54. Nxd7 Kxd7 55. Kf4 Ke7 56. Kf5 Kf7 57. e4 g6+ 58. Kg4 Kf6 59. f4 Ke6 60.
f5+ gxf5+ 61. exf5+ Kf6 62. Kh5 Kg7 63. g4 Kh7 64. h4 Kg7 65. g5 hxg5 66. hxg5
Kh7 67. g6+ Kg7 68. Kg5 Kg8 69. f6 Kf8 70. f7 Kg7 71. Kf5 Kf8 72. Ke6 Kg7 73.
Ke7 Kxg6 74. f8=Q Kg5 75. Qf7 Kg4 76. Qf6 Kg3 77. Qf5 Kh4 78. Qg6 Kh3 79. Qg5
Kh2 80. Qg4 Kh1 81. Ke6 Kh2 82. Ke5 Kh1 83. Kf4 Kh2 84. Kf3 Kh1 85. Qg2# {WuClara est échec et mat} 1-0

[Event "Tournament 14472 - Europe Echecs"]
[Site "Europe Echecs"]
[Date "2020.07.10"]
[Round "9"]
[Time "18:21:07"]
[PlyCount "56"]
[White "TallecNolann"]
[Black "GlemeeMalo"]
[WhiteElo "1400"]
[BlackElo "1474"]
[Mode "WEB"]
[Result "1-0"]

1. d4 Nf6 2. Bf4 g6 3. e3 Bg7 4. Nf3 O-O 5. c4 d6 6. h3 Nbd7 7. Nc3 Re8 8. Be2
e5 9. dxe5 dxe5 10. Nxe5 b6 11. Nc6 Bb7 12. Nxd8 Raxd8 13. O-O Nc5 14. Qc2 Nfe4
15. Rad1 g5 16. Bxc7 Rc8 17. Bh2 Re6 18. Nxe4 Bxe4 19. Qc1 Na4 20. b3 Bb2 21.
Qd2 Bc3 22. Qd7 Rce8 23. Qxa4 Bc6 24. Qxa7 b5 25. cxb5 R6e7 26. Qc5 Rc7 27.
Qxg5+ Kf8 28. Bd6+ {GlemeeMalo a abandonné} 1-0

[Event "Tournament 14472 - Europe Echecs"]
[Site "Europe Echecs"]
[Date "2020.07.10"]
[Round "9"]
[Time "18:21:07"]
[PlyCount "60"]
[White "MartellierChar"]
[Black "DevizaAndrei"]
[WhiteElo "1468"]
[BlackElo "1379"]
[Mode "WEB"]
[Result "1-0"]

1. Nf3 Nf6 2. d4 g6 3. Bf4 Bg7 4. e3 O-O 5. Nbd2 d5 6. Bd3 Nc6 7. c3 Nh5 8. Bg5
Nf6 9. O-O h6 10. Bh4 Re8 11. e4 e5 12. Re1 exd4 13. cxd4 dxe4 14. Nxe4 Nxd4 15.
Nxd4 Qxd4 16. Nxf6+ Bxf6 17. Rxe8+ Kg7 18. Bxf6+ Qxf6 19. Qf3 Qxb2 20. Rae1 Qxa2
21. Bxg6 Bg4 22. Qc3+ Kxg6 23. Rxa8 b5 24. Qc6+ Kg7 25. Qe8 Qa5 26. Qg8+ Kf6 27.
Qh8+ Kg6 28. Rg8+ Kh5 29. Re5+ Kh4 30. Qf6# {DevizaAndrei est échec et mat} 1-0

[Event "Tournament 14472 - Europe Echecs"]
[Site "Europe Echecs"]
[Date "2020.07.10"]
[Round "9"]
[Time "18:21:07"]
[PlyCount "120"]
[White "RavenelTangi"]
[Black "ChevillonManon"]
[WhiteElo "1463"]
[BlackElo "1356"]
[Mode "WEB"]
[Result "1-0"]

1. c4 e5 2. Nc3 Nf6 3. g3 d5 4. cxd5 Nxd5 5. Bg2 Be6 6. d3 Nc6 7. Nf3 Bc5 8. O-O
f6 9. a3 Qd7 10. Re1 Bh3 11. Bh1 h5 12. Nxd5 Qxd5 13. Ng5 Qd7 14. Nxh3 Qxh3 15.
Bg2 Qd7 16. Bd2 O-O-O 17. Rc1 Bb6 18. b3 Kb8 19. b4 h4 20. e3 hxg3 21. hxg3 Qxd3
22. Rc3 Qxd2 23. Qxd2 Rxd2 24. Rec1 Ne7 25. a4 a6 26. a5 Ba7 27. Rxc7 Nc6 28.
Rxg7 Rhd8 29. Bxc6 bxc6 30. Rxc6 Rd1+ 31. Kg2 R1d6 32. Rcc7 Bxe3 33. fxe3 Rd2+
34. Kf3 Rb2 35. Rb7+ Ka8 36. Ra7+ Kb8 37. Rxa6 Rxb4 38. Raa7 Ra4 39. Ra6 Rf8 40.
Rb6+ Ka8 41. a6 e4+ 42. Kf4 f5 43. Rg5 Ra5 44. Rg7 Ra4 45. a7 Rb4 46. Rxb4 Rf7
47. Rb8+ Kxa7 48. Rxf7+ Kxb8 49. Rxf5 Kc7 50. Rf6 Kd7 51. Ke5 Ke7 52. Ra6 Kd7
53. Rh6 Ke7 54. Rh7+ Kf8 55. Ke6 Kg8 56. Ra7 Kf8 57. Rb7 Kg8 58. Kf6 Kh8 59. Kg6
Kg8 60. Rb8# {ChevillonManon est échec et mat} 1-0

[Event "Tournament 14472 - Europe Echecs"]
[Site "Europe Echecs"]
[Date "2020.07.10"]
[Round "9"]
[Time "18:21:07"]
[PlyCount "90"]
[White "GalhaudVictor"]
[Black "CatherinotMarg"]
[WhiteElo "1446"]
[BlackElo "1327"]
[Mode "WEB"]
[Result "0-1"]

1. Nf3 d5 2. c4 dxc4 3. Qa4+ Nc6 4. Ne5 Qd5 5. Nxc6 Qxc6 6. Qxc6+ bxc6 7. Nc3 e5
8. e3 Be6 9. Be2 Nf6 10. O-O Bd6 11. Bf3 Bd5 12. Nxd5 cxd5 13. Rd1 O-O 14. d3
cxd3 15. Rxd3 e4 16. Rc3 exf3 17. gxf3 Be5 18. Rb3 Rab8 19. Rxb8 Rxb8 20. f4 Bd6
21. b3 Ne4 22. Bb2 a5 23. f3 Nc5 24. Rd1 c6 25. Bd4 a4 26. bxa4 Nxa4 27. f5 Bc5
28. Be5 Bxe3+ 29. Kg2 Re8 30. f4 f6 31. Bd6 Rd8 32. Be7 Rd7 33. Ba3 Bxf4 34. h4
Nc3 35. Rd3 Nb5 36. Bb2 Be5 37. Bc1 c5 38. h5 c4 39. Rd1 d4 40. Kf3 d3 41. Bd2
c3 42. Be3 d2 43. h6 c2 44. Rg1 d1=Q+ 45. Rxd1 {GalhaudVictor a abandonné} 0-1

[Event "Tournament 14472 - Europe Echecs"]
[Site "Europe Echecs"]
[Date "2020.07.10"]
[Round "9"]
[Time "18:21:07"]
[PlyCount "114"]
[White "JaulinVincent"]
[Black "SzubertEmma"]
[WhiteElo "1438"]
[BlackElo "1232"]
[Mode "WEB"]
[Result "1-0"]

1. e4 e5 2. Nf3 Nc6 3. Bc4 Bc5 4. c3 Nf6 5. d3 h6 6. Nbd2 d5 7. exd5 Nxd5 8. Ne4
Bb6 9. O-O O-O 10. Bd2 Bg4 11. h3 Bh5 12. Ng3 Bg6 13. Re1 Re8 14. Nh4 Qxh4 15.
Qf3 Nf6 16. Nf5 Bxf5 17. Qxf5 Ne7 18. Qf3 Ng6 19. Qf5 e4 20. d4 c5 21. Qxg6 cxd4
22. Bxf7+ Kh8 23. Bxe8 dxc3 24. Be3 Rxe8 25. bxc3 Bxe3 26. Rxe3 Rd8 27. Rb1 b6
28. Ree1 Rd2 29. Rf1 Rxa2 30. Rbd1 e3 31. Rd8+ Ng8 32. Qe8 exf2+ 33. Kh1 Qc4 34.
Rdd1 Qxc3 35. Qf7 Re2 36. Rxf2 Re1+ 37. Rf1 Rxd1 38. Rxd1 a5 39. Rd8 Qe1+ 40.
Kh2 Qe5+ 41. Kg1 Qe3+ 42. Qf2 Qxf2+ 43. Kxf2 b5 44. Rb8 b4 45. Rb5 a4 46. Rxb4
a3 47. Ra4 a2 48. Rxa2 Nf6 49. Kf3 Kh7 50. Ra7 Kg6 51. g4 Kg5 52. Rxg7+ Kh4 53.
Rg6 Nd5 54. Rxh6+ Kg5 55. Rh5+ Kf6 56. Rxd5 Kg6 57. h4 {SzubertEmma a abandonné} 1-0

[Event "Tournament 14472 - Europe Echecs"]
[Site "Europe Echecs"]
[Date "2020.07.10"]
[Round "9"]
[Time "18:21:07"]
[PlyCount "61"]
[White "JamaliElias"]
[Black "GavilaQuentin"]
[WhiteElo "1434"]
[BlackElo "1199"]
[Mode "WEB"]
[Result "0-1"]

1. e4 e6 2. d4 d5 3. e5 c5 4. c3 Nc6 5. Nf3 Qb6 6. dxc5 Bxc5 7. Qc2 a5 8. Bd3
Nge7 9. Bf4 Nf5 10. O-O O-O 11. Nbd2 Bd7 12. Rad1 Rac8 13. Nb3 d4 14. Bxf5 exf5
15. Nxc5 Qxc5 16. Qe2 Be6 17. cxd4 Bc4 18. Qc2 Qb5 19. Rfe1 Nb4 20. Qxf5 Nd3 21.
Qg4 Nxe1 22. Rxe1 Rc6 23. Nh4 f6 24. Bh6 g6 25. Nxg6 f5 26. Ne7+ Kf7 27. Qg7+
Ke6 28. Qxf8 Kd7 29. Nxc6 Qxc6 30. Qf7+ Bxf7 {JamaliElias a perdu au temps} 0-1

[Event "Tournament 14472 - Europe Echecs"]
[Site "Europe Echecs"]
[Date "2020.07.10"]
[Round "9"]
[Time "18:21:07"]
[PlyCount "82"]
[White "EboueIhona"]
[Black "BaylacAlison"]
[WhiteElo "1429"]
[BlackElo "1199"]
[Mode "WEB"]
[Result "1-0"]

1. d4 d5 2. Bf4 Nc6 3. Nc3 Nf6 4. e3 Bf5 5. Nb5 Rc8 6. a3 a6 7. Nc3 e6 8. Nf3
Bd6 9. Bg3 O-O 10. Bd3 Ne4 11. Bxe4 Bxe4 12. Nxe4 dxe4 13. Nd2 f5 14. O-O Qe7
15. c4 b6 16. b4 e5 17. c5 bxc5 18. bxc5 Bxc5 19. dxc5 Qxc5 20. Nb3 Qe7 21. Qd5+
Kh8 22. Qxc6 f4 23. Qxe4 fxg3 24. hxg3 Rb8 25. Rfb1 Qf7 26. Qc2 Rb6 27. Na5 Rh6
28. Qe2 Qh5 29. Qxh5 Rxh5 30. Nc6 Rhf5 31. Rb2 R5f6 32. Nxe5 Rf5 33. Nd7 Rd8 34.
Rd1 Rf7 35. Rbd2 h6 36. Ne5 Rff8 37. Ng6+ Kg8 38. Nxf8 Rxf8 39. Rd8 Rxd8 40.
Rxd8+ Kf7 41. Rc8 {BaylacAlison a abandonné} 1-0

[Event "Tournament 14472 - Europe Echecs"]
[Site "Europe Echecs"]
[Date "2020.07.10"]
[Round "9"]
[Time "18:21:07"]
[PlyCount "96"]
[White "BorissovVictor"]
[Black "StajkovskiStef"]
[WhiteElo "1162"]
[BlackElo "1428"]
[Mode "WEB"]
[Result "1-0"]

1. e4 e6 2. d4 d5 3. Nd2 c5 4. exd5 Qxd5 5. Ngf3 cxd4 6. Bc4 Qd7 7. Nb3 Nc6 8.
Nfxd4 Nxd4 9. Nxd4 a6 10. O-O Nf6 11. Re1 b5 12. Bb3 Bb7 13. Be3 Bd6 14. Nxb5
axb5 15. Qd2 Qc6 16. f3 O-O 17. Bd4 Bc5 18. Kh1 Rfd8 19. c3 Bxd4 20. cxd4 Qd6
21. Rad1 Bd5 22. Bxd5 Qxd5 23. a3 Qb7 24. Qf4 Rd5 25. Rc1 Rc8 26. Rxc8+ Qxc8 27.
Rc1 Qd8 28. b3 Rxd4 29. Qxd4 Nd5 30. Qc5 g6 31. Qc8 Qxc8 32. Rxc8+ Kg7 33. Rc5
b4 34. a4 Kf6 35. a5 Ke5 36. a6 Kd6 37. a7 Nb6 38. Rb5 Kc6 39. Rxb6+ Kxb6 40.
a8=Q Kc5 41. Qf8+ Kd4 42. Qxb4+ Ke5 43. Qe4+ Kd6 44. b4 Kc7 45. b5 Kb6 46. Qc6+
Ka5 47. b6 Kb4 48. b7 {StajkovskiStef a abandonné} 1-0

[Event "Tournament 14472 - Europe Echecs"]
[Site "Europe Echecs"]
[Date "2020.07.10"]
[Round "9"]
[Time "18:21:07"]
[PlyCount "25"]
[White "DrieuHugo"]
[Black "ChareyreSylvai"]
[WhiteElo "1425"]
[BlackElo "1081"]
[Mode "WEB"]
[Result "1-0"]

1. e4 d5 2. exd5 Nf6 3. d4 Bg4 4. Nf3 Qxd5 5. Be2 Nc6 6. c4 Qh5 7. d5 O-O-O 8.
Bd2 e6 9. dxc6 Bb4 10. cxb7+ Kxb7 11. Qb3 c5 12. a3 Bxf3 {ChareyreSylvai a abandonné} 1-0

[Event "Tournament 14472 - Europe Echecs"]
[Site "Europe Echecs"]
[Date "2020.07.10"]
[Round "9"]
[Time "18:21:07"]
[PlyCount "190"]
[White "LeonardyBatist"]
[Black "BretonVadim"]
[WhiteElo "1177"]
[BlackElo "1669"]
[Mode "WEB"]
[Result "1-0"]

1. e4 e5 2. Nf3 Nc6 3. Bb5 a6 4. Ba4 Nge7 5. c3 g6 6. d4 exd4 7. cxd4 b5 8. Bb3
Na5 9. Bc2 Bg7 10. O-O O-O 11. Nc3 Bb7 12. Re1 d5 13. e5 Rc8 14. Bg5 c5 15. dxc5
Rxc5 16. Qd4 Rc4 17. Qd2 Re8 18. Bf6 d4 19. Ne4 Bxf6 20. Nxf6+ Kf8 21. Nxe8 Kxe8
22. e6 Bxf3 23. exf7+ Kf8 24. gxf3 Kxf7 25. Bd3 Rc5 26. b4 Rh5 27. bxa5 Qc7 28.
Kf1 Qxh2 29. Ke2 Re5+ 30. Kd1 Rxe1+ 31. Qxe1 Qf4 32. Qe4 Qd6 33. Rc1 b4 34. Bc4+
Kg7 35. Bxa6 Nd5 36. Bc4 Nc3+ 37. Kd2 Nxe4+ 38. fxe4 Qf4+ 39. Kc2 Qxe4+ 40. Kb3
d3 41. Rd1 Qd4 42. Rxd3 Qxf2 43. Kxb4 h5 44. a6 Qb6+ 45. Bb5 h4 46. Rd7+ Kh6 47.
a7 h3 48. a8=Q Qf6 49. Qh1 Qf4+ 50. Kb3 Qg3+ 51. Kb2 Qf2+ 52. Kb3 h2 53. Rd1
Qf7+ 54. Kb4 Qxa2 55. Bc4 Qb2+ 56. Kc5 Qe5+ 57. Kb4 Qb2+ 58. Bb3 Qf2 59. Rf1
Qd4+ 60. Ka3 Qa7+ 61. Kb2 Qd4+ 62. Kc2 Qc5+ 63. Kb2 Qd4+ 64. Kc1 Qc3+ 65. Kd1
Qxb3+ 66. Ke2 Qc4+ 67. Kf3 Qd5+ 68. Kg3 Qe5+ 69. Kf2 Qf4+ 70. Kg2 Qh4 71. Qxh2
g5 72. Rh1 Kh5 73. Kf3 Qxh2 74. Rxh2+ Kg6 75. Kg4 Kf6 76. Rh6+ Ke5 77. Kxg5 Ke4
78. Rf6 Kd4 79. Re6 Kd5 80. Re1 Kd4 81. Kf5 Kd3 82. Kf4 Kd2 83. Re8 Kd3 84. Re7
Kd4 85. Rd7+ Kc5 86. Rd1 Kc4 87. Ke4 Kc3 88. Rd8 Kb2 89. Rc8 Kb3 90. Kd4 Ka2 91.
Rb8 Ka1 92. Kc4 Ka2 93. Kc3 Ka1 94. Kc2 Ka2 95. Ra8# {BretonVadim est échec et mat} 1-0

[Event "Tournament 14472 - Europe Echecs"]
[Site "Europe Echecs"]
[Date "2020.07.10"]
[Round "9"]
[Time "18:21:07"]
[PlyCount "120"]
[White "DevezeArmand"]
[Black "DelageJonas"]
[WhiteElo "1425"]
[BlackElo "1491"]
[Mode "WEB"]
[Result "1/2-1/2"]

1. g4 d5 2. Bg2 Bxg4 3. c4 c6 4. Qb3 b6 5. cxd5 Bd7 6. Nc3 Nf6 7. d4 cxd5 8.
Nxd5 Nxd5 9. Bxd5 Bc6 10. Bxf7+ Kd7 11. Bf4 Kc8 12. d5 Bd7 13. Rc1+ Kb7 14. Qf3
e5 15. Bxe5 Bb4+ 16. Kf1 Qg5 17. Rc7+ Ka6 18. d6 Bc6 19. Bc4+ Ka5 20. Rxc6 Nxc6
21. Qxc6 Qxe5 22. a3 Bxd6 23. b4+ Bxb4 24. axb4+ Kxb4 25. Bd3 Rac8 26. Qf3 Rc1+
27. Kg2 Qg5+ 28. Qg3 Qxg3+ 29. hxg3 a5 30. e3 a4 31. Rh4+ Kb3 32. Ne2 Rc7 33.
Nd4+ Kb2 34. Nb5 Rc5 35. Rb4+ Kc1 36. Rxa4 Rd8 37. Rc4+ Kd2 38. Rxc5 bxc5 39.
Bxh7 c4 40. Kf3 c3 41. Nd4 Rf8+ 42. Kg2 Ke1 43. f4 Kd2 44. Kf3 Re8 45. Nc2 Re7
46. g4 Re8 47. g5 Re7 48. Bg6 Re6 49. Bf5 Re7 50. Nd4 Rxe3+ 51. Kg4 Re8 52. Bg6
Rd8 53. Nc2 Rd6 54. Be4 Re6 55. Bf5 Rd6 56. g6 Rf6 57. Nd4 Rd6 58. Nc2 Rf6 59.
Nd4 Rd6 60. Nc2 {Nulle par répétition} 1/2-1/2

[Event "Tournament 14472 - Europe Echecs"]
[Site "Europe Echecs"]
[Date "2020.07.10"]
[Round "9"]
[Time "18:21:07"]
[PlyCount "87"]
[White "SalvignolNatha"]
[Black "TomasMaureen"]
[WhiteElo "1209"]
[BlackElo "1468"]
[Mode "WEB"]
[Result "0-1"]

1. e4 e5 2. Nf3 Nc6 3. Bc4 Bc5 4. d3 Nf6 5. Bg5 O-O 6. Nc3 Be7 7. O-O d6 8. Qe2
Bg4 9. Qe3 h6 10. Bh4 Nd7 11. Bxe7 Qxe7 12. Rfe1 Be6 13. Bb3 Bxb3 14. axb3 Nc5
15. Nd5 Qd7 16. c3 Nxb3 17. Rad1 Nc5 18. d4 exd4 19. cxd4 Ne6 20. Rc1 Ne7 21.
Nxe7+ Qxe7 22. d5 Nc5 23. Qd4 Nb3 24. Qc3 Nxc1 25. Qxc1 Rac8 26. Qf4 Rfe8 27. h3
Qf6 28. Qd2 Re7 29. b4 Rce8 30. Qd3 Qf4 31. Nd2 f5 32. g3 Qg5 33. h4 Qf6 34. Kf1
fxe4 35. Nxe4 Qf7 36. Kg2 Qh5 37. f3 Rf8 38. Kf2 Ref7 39. Re3 Qf5 40. g4 Qxg4
41. Ke2 Qxh4 42. Qd4 Qh1 43. Kd3 Rxf3 {SalvignolNatha a abandonné} 0-1

[Event "Tournament 14472 - Europe Echecs"]
[Site "Europe Echecs"]
[Date "2020.07.10"]
[Round "9"]
[Time "18:21:07"]
[PlyCount "84"]
[White "BrunThomas"]
[Black "BaderPaul"]
[WhiteElo "1511"]
[BlackElo "1243"]
[Mode "WEB"]
[Result "1-0"]

1. e4 e5 2. Nf3 d6 3. Bc4 Bg4 4. h3 Bh5 5. c3 Nf6 6. O-O Be7 7. Re1 Nc6 8. d3
O-O 9. Nbd2 a5 10. Nf1 Na7 11. Ng3 Bxf3 12. Qxf3 Nc8 13. Nf5 c6 14. g4 g6 15.
Nxe7+ Qxe7 16. Bg5 Kg7 17. Kg2 h6 18. Bd2 Nh7 19. Qg3 a4 20. a3 b5 21. Ba2 Nf6
22. f4 exf4 23. Bxf4 Nd7 24. d4 g5 25. Bd2 Nf6 26. e5 dxe5 27. Rxe5 Qd6 28. Qf2
Nd7 29. Rf5 Qe7 30. Rf1 Qe4+ 31. Kh2 Nd6 32. Rf6 Qe7 33. Rf3 f6 34. Re3 Qd8 35.
Re6 Qc7 36. Qg3 Ne8 37. Qxc7 Nxc7 38. Re7+ Rf7 39. Rxf7+ Kg8 40. Rxd7+ Kf8 41.
Rxc7 Re8 42. Rxf6# {BaderPaul est échec et mat} 1-0

[Event "Tournament 14472 - Europe Echecs"]
[Site "Europe Echecs"]
[Date "2020.07.10"]
[Round "9"]
[Time "18:21:07"]
[PlyCount "64"]
[White "ThibaudetVince"]
[Black "PhambanienJacq"]
[WhiteElo "1450"]
[BlackElo "1204"]
[Mode "WEB"]
[Result "1-0"]

1. e4 d6 2. Nc3 Nf6 3. Nf3 e5 4. d4 Nc6 5. dxe5 dxe5 6. Qxd8+ Kxd8 7. Bg5 Be7 8.
Bb5 Bd7 9. O-O-O a6 10. Bxc6 bxc6 11. Nxe5 h6 12. Bxf6 Bxf6 13. Nxd7 Bxc3 14.
bxc3 Ke8 15. Rhe1 f6 16. e5 fxe5 17. Rxe5+ Kf7 18. Nc5 Rhd8 19. Rxd8 Rxd8 20.
Nxa6 Rd7 21. Rc5 Ke6 22. Rxc6+ Kd5 23. Rg6 c6 24. Nb4+ Kc5 25. Rxc6+ Kb5 26. Kb2
Rb7 27. Kb3 Ka5 28. Ra6+ Kb5 29. Rg6 Kc5 30. a4 h5 31. a5 Kb5 32. Rg5# {PhambanienJacq est échec et mat} 1-0

[Event "Tournament 14472 - Europe Echecs"]
[Site "Europe Echecs"]
[Date "2020.07.10"]
[Round "9"]
[Time "18:21:07"]
[PlyCount "61"]
[White "MaufroyAlexand"]
[Black "EkandeEthan"]
[WhiteElo "1424"]
[BlackElo "1200"]
[Mode "WEB"]
[Result "0-1"]

1. e4 e5 2. f4 Nc6 3. Nf3 exf4 4. d4 Nf6 5. Nc3 g6 6. Bxf4 Ng4 7. h3 Nf6 8. Bg5
Be7 9. Bd3 O-O 10. O-O Nh5 11. Bxe7 Qxe7 12. Bc4 Nf4 13. Ne5 Qg5 14. Qf3 Nxh3+
15. Qxh3 d5 16. Nf3 Qe3+ 17. Rf2 Bxh3 18. Bxd5 Nxd4 19. Nxd4 Qxd4 20. gxh3 c6
21. Bb3 Qe3 22. Raf1 Qg5+ 23. Kh1 Rad8 24. Bxf7+ Kg7 25. e5 Qxe5 26. Re2 Qh5 27.
Re7 Qxh3+ 28. Kg1 Qg4+ 29. Kh1 Qh4+ 30. Kg2 Qxe7 {MaufroyAlexand a abandonné} 0-1

[Event "Tournament 14472 - Europe Echecs"]
[Site "Europe Echecs"]
[Date "2020.07.10"]
[Round "9"]
[Time "18:21:07"]
[PlyCount "74"]
[White "ReynaudAntoine"]
[Black "EricAndrianaFi"]
[WhiteElo "1231"]
[BlackElo "1401"]
[Mode "WEB"]
[Result "1-0"]

1. e4 c6 2. d4 d5 3. exd5 cxd5 4. Nf3 e6 5. c3 Nf6 6. Bd3 Nc6 7. O-O Bd6 8. Re1
O-O 9. Bg5 Be7 10. Nbd2 Rb8 11. Ne5 Nd7 12. Bxe7 Qxe7 13. Ndf3 b5 14. Nxc6 Qd6
15. Nxb8 Qxb8 16. Qc2 Nf6 17. Ne5 Bb7 18. Bxb5 a6 19. Bc6 Qc7 20. Qa4 Rc8 21.
Bxb7 Qxb7 22. Rab1 Rd8 23. f3 Ne8 24. Qc6 Qa7 25. b4 Nd6 26. a4 Nc4 27. Nxc4
dxc4 28. Qxc4 a5 29. b5 g6 30. b6 Qb7 31. Qc7 Rb8 32. c4 Kg7 33. Qxb7 Rxb7 34.
c5 Rb8 35. c6 Rc8 36. Rec1 Rb8 37. c7 {EricAndrianaFi a abandonné} 1-0

[Event "Tournament 14472 - Europe Echecs"]
[Site "Europe Echecs"]
[Date "2020.07.10"]
[Round "9"]
[Time "18:21:07"]
[PlyCount "66"]
[White "EstinCharbonne"]
[Black "DennebouyAlexa"]
[WhiteElo "1343"]
[BlackElo "1160"]
[Mode "WEB"]
[Result "1-0"]

1. e4 e5 2. Nf3 Nc6 3. Bc4 Bc5 4. c3 d6 5. d4 Bb6 6. Ng5 Nh6 7. O-O O-O 8. Qh5
Bg4 9. Qh4 exd4 10. h3 Bd7 11. Qg3 a6 12. Nf3 dxc3 13. Nxc3 Na5 14. Bxh6 Qf6 15.
Bg5 Qg6 16. Nh4 Qh5 17. Be2 Bg4 18. hxg4 Qxg5 19. Nf3 Qe7 20. Nd5 Qd8 21. Bd3 c6
22. Ne3 Bxe3 23. fxe3 Qb6 24. Rae1 Qxb2 25. Qh3 Rfe8 26. e5 h6 27. g5 dxe5 28.
gxh6 gxh6 29. Qxh6 Red8 30. Bh7+ Kh8 31. Bg6+ Kg8 32. Qh7+ Kf8 33. Qxf7# {DennebouyAlexa est échec et mat} 1-0

[Event "Tournament 14472 - Europe Echecs"]
[Site "Europe Echecs"]
[Date "2020.07.10"]
[Round "9"]
[Time "18:21:07"]
[PlyCount "42"]
[White "GuillotYoann"]
[Black "YaylaEmre"]
[WhiteElo "1157"]
[BlackElo "1336"]
[Mode "WEB"]
[Result "1-0"]

1. b3 e5 2. Bb2 Nc6 3. e3 Nf6 4. Nf3 e4 5. Nd4 Nxd4 6. Bxd4 c5 7. Bb2 d5 8. d4
cxd4 9. Bxd4 Qa5+ 10. Nd2 Bc5 11. Bb2 Qc7 12. c4 dxc4 13. Bxc4 O-O 14. Qc2 Qe7
15. O-O Ng4 16. Nxe4 Qc7 17. Ng3 h5 18. h3 Nxe3 19. Qc3 Nf5 20. Nxf5 Bxf2+ 21.
Rxf2 {YaylaEmre a abandonné} 1-0

[Event "Tournament 14472 - Europe Echecs"]
[Site "Europe Echecs"]
[Date "2020.07.10"]
[Round "9"]
[Time "18:21:07"]
[PlyCount "84"]
[White "LabordeAntonn"]
[Black "RazeMorvan"]
[WhiteElo "1002"]
[BlackElo "1326"]
[Mode "WEB"]
[Result "1-0"]

1. e4 e5 2. Nf3 Nc6 3. Bc4 Bc5 4. c3 h6 5. d3 Nf6 6. Nbd2 Ng4 7. d4 exd4 8. cxd4
Nxd4 9. Nxd4 Bxd4 10. Qxg4 O-O 11. Nf3 Bb6 12. Bxh6 g6 13. Bxf8 Kxf8 14. Qf4 d5
15. Bxd5 Qd7 16. O-O c6 17. Be6 Qxe6 18. Ng5 Qe7 19. Qh4 Bd4 20. Rad1 Bf6 21.
Rd3 Be6 22. Rfd1 Bxa2 23. Re3 Qe5 24. Nh7+ Kg7 25. Nxf6 Qxf6 26. Qxf6+ Kxf6 27.
Red3 Ke5 28. Rd8 Rxd8 29. Rxd8 Kxe4 30. Rd7 b5 31. Rxa7 Kd4 32. Rxa2 Kd3 33. b4
Kc4 34. Ra6 Kxb4 35. Rxc6 Kb3 36. Rf6 b4 37. Rxf7 Kb2 38. Rg7 Ka1 39. Rxg6 b3
40. Rb6 b2 41. Rxb2 Kxb2 42. h4 {RazeMorvan a abandonné} 1-0

[Event "Tournament 14472 - Europe Echecs"]
[Site "Europe Echecs"]
[Date "2020.07.10"]
[Round "9"]
[Time "18:21:07"]
[PlyCount "105"]
[White "CastetsAntoine"]
[Black "ElsadigBashirH"]
[WhiteElo "1120"]
[BlackElo "1298"]
[Mode "WEB"]
[Result "0-1"]

1. e4 c6 2. d4 d5 3. Nc3 dxe4 4. Nxe4 Nd7 5. Bc4 Ngf6 6. Qf3 e6 7. Bg5 Be7 8.
Bxf6 Nxf6 9. Nxf6+ Bxf6 10. c3 O-O 11. O-O-O Qb6 12. Bd3 c5 13. Qe4 g6 14. dxc5
Qxc5 15. Nf3 Bd7 16. Rhf1 Bc6 17. Qc4 Qa5 18. Be4 Bb5 19. Qb4 Qxb4 20. cxb4 Bxf1
21. Rxf1 Rac8+ 22. Bc2 b5 23. Rd1 Rfd8 24. Rxd8+ Rxd8 25. Ne1 Be7 26. Bd3 Bxb4
27. Bxb5 Bxe1 28. Kc2 Bxf2 29. Bd3 Rc8+ 30. Kd2 Rd8 31. b4 Rxd3+ 32. Kxd3 f5 33.
Ke2 Bb6 34. a4 Kf7 35. a5 Bd4 36. b5 e5 37. b6 axb6 38. axb6 Bxb6 39. Kf3 Ke6
40. g4 f4 41. Ke4 g5 42. h3 Bd4 43. h4 h6 44. h5 Bb6 45. Kf3 Kd5 46. Ke2 e4 47.
Kf1 e3 48. Ke2 Ke4 49. Kf1 f3 50. Ke1 Ba5+ 51. Kf1 e2+ 52. Kf2 e1=Q# {CastetsAntoine est échec et mat} 0-1

[Event "Tournament 14472 - Europe Echecs"]
[Site "Europe Echecs"]
[Date "2020.07.10"]
[Round "9"]
[Time "18:21:07"]
[PlyCount "68"]
[White "PigourierAdrie"]
[Black "ClairMathieu"]
[WhiteElo "1260"]
[BlackElo "1125"]
[Mode "WEB"]
[Result "1-0"]

1. e4 e6 2. d4 d5 3. e5 b6 4. Nf3 Qd7 5. Nc3 Ba6 6. Bxa6 Nxa6 7. Qe2 Nb8 8. Qb5
c6 9. Qa4 Ne7 10. O-O Nf5 11. Re1 g6 12. Be3 h6 13. Rad1 g5 14. h3 g4 15. hxg4
Ng7 16. g5 h5 17. Nh4 Nf5 18. Nxf5 exf5 19. Ne2 h4 20. Nf4 Qe7 21. g6 Bh6 22.
gxf7+ Qxf7 23. e6 Qe7 24. Ng6 Qg7 25. Nxh8 Qxh8 26. Bxh6 Qxh6 27. Re3 f4 28. Rh3
Ke7 29. Re1 a5 30. Qa3+ Ke8 31. e7 Ra7 32. g3 Qg5 33. Qd6 Nd7 34. Re5 {ClairMathieu a perdu au temps} 1-0

[Event "Tournament 14472 - Europe Echecs"]
[Site "Europe Echecs"]
[Date "2020.07.10"]
[Round "9"]
[Time "18:21:07"]
[PlyCount "116"]
[White "FonluptEsteban"]
[Black "RevillardValen"]
[WhiteElo "1436"]
[BlackElo "1005"]
[Mode "WEB"]
[Result "1/2-1/2"]

1. e4 e5 2. Nf3 Nc6 3. d4 Qf6 4. dxe5 Nxe5 5. Nxe5 Qxe5 6. Nc3 Bb4 7. Qf3 Nf6 8.
Bf4 Bxc3+ 9. bxc3 Qxe4+ 10. Be2 Qxf3 11. Bxf3 c6 12. O-O O-O 13. Bd6 Re8 14.
Rfe1 Rxe1+ 15. Rxe1 b6 16. g4 Bb7 17. h4 Re8 18. Rd1 Re6 19. g5 Nd5 20. Bxd5
cxd5 21. Bg3 h6 22. f4 Re3 23. Kf2 Rxc3 24. Rd2 hxg5 25. fxg5 f6 26. gxf6 gxf6
27. Re2 d4 28. Re7 Rf3+ 29. Ke2 Rxg3 30. Rxd7 Bf3+ 31. Kf2 Rg7 32. Rd8+ Kf7 33.
Kxf3 Ke6 34. Rxd4 Ke5 35. Re4+ Kd5 36. Rg4 Rh7 37. Ra4 f5 38. c3 Kc5 39. Rf4 Rh5
40. a3 a5 41. a4 b5 42. axb5 Kxb5 43. Rd4 a4 44. Rb4+ Ka5 45. Kg3 a3 46. Rb8 Rh6
47. Rf8 f4+ 48. Rxf4 a2 49. Rf1 Ka4 50. Kg4 Kb3 51. Kg5 Rh8 52. h5 Kxc3 53. Kg6
Kb2 54. Rf2+ Kb1 55. Rf1+ Kb2 56. Rf2+ Kb3 57. Rf3+ Kb2 58. Rf2+ {Nulle par répétition} 1/2-1/2

[Event "Tournament 14472 - Europe Echecs"]
[Site "Europe Echecs"]
[Date "2020.07.10"]
[Round "9"]
[Time "18:21:07"]
[PlyCount "60"]
[White "HeauMaxime"]
[Black "BoucherAngel"]
[WhiteElo "1315"]
[BlackElo "1199"]
[Mode "WEB"]
[Result "1-0"]

1. e4 d6 2. d4 Nd7 3. Nf3 Ngf6 4. Nc3 c6 5. Bc4 Qc7 6. O-O e5 7. dxe5 dxe5 8.
Bg5 h6 9. Bh4 g5 10. Bg3 g4 11. Nh4 Be7 12. Nf5 Nc5 13. f3 Bxf5 14. exf5 Bd6 15.
fxg4 O-O-O 16. b4 Nce4 17. Nxe4 Nxe4 18. Bh4 Ng5 19. Kh1 Bxb4 20. Qe2 Bc3 21.
Rad1 f6 22. Bxg5 hxg5 23. Be6+ Kb8 24. Rxd8+ Rxd8 25. Rd1 Rh8 26. Rd7 Qb6 27.
Qd3 Bd4 28. c3 Qb1+ 29. Qxb1 Bxc3 30. Qxb7# {BoucherAngel est échec et mat} 1-0

[Event "Tournament 14472 - Europe Echecs"]
[Site "Europe Echecs"]
[Date "2020.07.10"]
[Round "9"]
[Time "18:21:07"]
[PlyCount "69"]
[White "ManuelInes"]
[Black "BerezovskyJona"]
[WhiteElo "1230"]
[BlackElo "1130"]
[Mode "WEB"]
[Result "0-1"]

1. e4 c5 2. c4 e5 3. d3 d6 4. Nc3 Nc6 5. Be3 Nf6 6. Nf3 Nd4 7. Bxd4 cxd4 8. Nd5
Nxd5 9. cxd5 Bg4 10. Be2 Be7 11. O-O Qb6 12. Nd2 Bxe2 13. Qxe2 Qxb2 14. Rfb1 Qa3
15. Nc4 Qc5 16. Rxb7 Bf6 17. g3 O-O 18. Rd7 Rfd8 19. Rxd8+ Bxd8 20. f4 Bc7 21.
fxe5 dxe5 22. d6 Bxd6 23. Nxd6 Qxd6 24. Rc1 a5 25. a4 Qa3 26. Qc2 g6 27. Qc6 Rb8
28. Kg2 Rb4 29. Qc8+ Kg7 30. Qc5 Rb2+ 31. Kf3 Qxd3+ 32. Kg4 h5+ 33. Kh4 Rxh2+
34. Kg5 f6# {ManuelInes est échec et mat} 0-1